00499nam a2200205Ia 4500003000400000005001700004008004100021020002200062040000700084041000800091082001600099100002700115245005500142250000600197260002900203300001700232365001300249650001600262650001500278OSt20230517135637.0210423s2013 xx 000 0 und d a978-81-317-0600-8 cAL aeng a620.11 VANE aVAN VLACK (Lawrence H) aElements of materials science and engineering Ed 6 a6 aNew DelhibPearsonc2013 axxi,598pbPB b669cINR aEngineering aTechnology